000 01277nam a2200349 a 4500
999 _c186560
_d186560
003 BLK
005 20250128005514.0
008 180411b bul|||||r ||||||| ||bul||
010 _aKNG00195555000
020 _a954-445-099-8
040 _aBLK
041 _aBUL
_cBUL
080 _aБългарска литература
_b821.163.2
_x-4
_z821.163.2-4
080 _aВътрешна политика. Вж и 329
_b323
_x(497.2)
_z323(497.2)
100 1 _aНинов, Нино
_eпърви автор
_9384417
139 _aНинов, Нино
_bН 79
245 1 0 _aВреме на полуистини
_bПублицистика
_cНино Нинов; с предг. от Румен Димитров.
257 _aBGR
260 _aСофия
_bХристо Ботев
_c1993
300 _a128 с.
_c20 см
380 _aX
500 _a2 000 тир.
650 0 _aБългария - вътрешна политика
_9241559
700 1 _aДимитров, Румен
_eс предг. от
_9364970
852 _aЦб 173514
_bЦб
856 4 _qpdf
_i0.00
_ldisable
856 4 _qpdf
_i0.00
_ldisable
942 _cKNG
_n0
_s1
944 _aCR
_c09.11.2016
_k
_lCRON CRON
944 _aED
_c09.11.2016
_kПравда_Бадева
999 _d186560